Was Polizisten über Polizistinnen denken: ein Beitrag zur geschlechtsspezifischen Polizeiforschung
| Autor principal: | |
|---|---|
| Tipo de documento: | Print Libro |
| Lenguaje: | Alemán |
| Publicado: |
Bielefeld
Kleine
1997
|
| En: |
Wissenschaftliche Reihe (88)
Año: 1997 |
| Disponibilidad en Tübingen: | Disponible en Tübingen. IFK: J III 174 |
| Verificar disponibilidad: | HBZ Gateway |
| Servicio de pedido Subito: | Pedir ahora. |
| Palabras clave: |
MARC
| LEADER | 00000cam a2200000 c 4500 | ||
|---|---|---|---|
| 001 | 227565835 | ||
| 003 | DE-627 | ||
| 005 | 20251129023059.0 | ||
| 007 | tu | ||
| 008 | 970516s1997 gw ||||| 00| ||ger c | ||
| 015 | |a 97,N22,0122 |2 dnb | ||
| 015 | |a 99,A05,0200 |2 dnb | ||
| 016 | 7 | |a 95037282X |2 DE-101 | |
| 020 | |a 3893702547 |c : DM 35.00, sfr 32.50, S 256.00 (kart.) |9 3-89370-254-7 | ||
| 035 | |a (DE-627)227565835 | ||
| 035 | |a (DE-576)058202595 | ||
| 035 | |a (DE-599)GBV227565835 | ||
| 035 | |a (OCoLC)237350850 | ||
| 040 | |a DE-627 |b ger |c DE-627 |e rakwb | ||
| 041 | |a ger | ||
| 044 | |c XA-DE | ||
| 084 | |a 14 |a 20 |a 11 |a 19 |2 sdnb | ||
| 084 | |a MS 6850 |2 rvk |0 (DE-625)rvk/123769: | ||
| 084 | |a PH 9160 |2 rvk |0 (DE-625)rvk/136535: | ||
| 084 | |a 71.31 |2 bkl | ||
| 084 | |a 88.17 |2 bkl | ||
| 084 | |a 85.64 |2 bkl | ||
| 100 | 1 | |a Franzke, Bettina |d 1969- |0 (DE-588)121099040 |0 (DE-627)081085796 |0 (DE-576)17507545X |4 aut | |
| 109 | |a Franzke, Bettina 1969- | ||
| 245 | 1 | 0 | |a Was Polizisten über Polizistinnen denken |b ein Beitrag zur geschlechtsspezifischen Polizeiforschung |c Bettina Franzke. Unter Mitarb. von Studierenden der Fachhochschule Villingen-Schwenningen, Hochschule für Polizei |
| 264 | 1 | |a Bielefeld |b Kleine |c 1997 | |
| 300 | |a 216 S. |c 21 cm | ||
| 336 | |a Text |b txt |2 rdacontent | ||
| 337 | |a ohne Hilfsmittel zu benutzen |b n |2 rdamedia | ||
| 338 | |a Band |b nc |2 rdacarrier | ||
| 490 | 1 | |a Wissenschaftliche Reihe |v 88 | |
| 500 | |a Literaturverz. S. 205 - 216 | ||
| 689 | 0 | 0 | |d s |0 (DE-588)4273632-8 |0 (DE-627)104477652 |0 (DE-576)210700181 |a Polizeibeamtin |2 gnd |
| 689 | 0 | 1 | |d s |0 (DE-588)4135253-1 |0 (DE-627)104451092 |0 (DE-576)209659211 |a Polizeibeamter |2 gnd |
| 689 | 0 | 2 | |d s |0 (DE-588)4013943-8 |0 (DE-627)104653892 |0 (DE-576)208906053 |a Einstellung |2 gnd |
| 689 | 0 | 3 | |d s |0 (DE-588)4020548-4 |0 (DE-627)104106883 |0 (DE-576)208933824 |a Geschlechterverhältnis |2 gnd |
| 689 | 0 | |5 DE-101 | |
| 689 | 1 | 0 | |d s |0 (DE-588)4273632-8 |0 (DE-627)104477652 |0 (DE-576)210700181 |a Polizeibeamtin |2 gnd |
| 689 | 1 | 1 | |d s |0 (DE-588)4069335-1 |0 (DE-627)104434775 |0 (DE-576)209176466 |a Berufliche Qualifikation |2 gnd |
| 689 | 1 | |5 (DE-627) | |
| 830 | 0 | |a Wissenschaftliche Reihe |v 88 |9 88 |w (DE-627)12915783X |w (DE-576)00879202X |w (DE-600)49500-1 |7 am | |
| 935 | |i Blocktest | ||
| 936 | r | v | |a MS 6850 |b Gericht, Richter, Rechtsprechung, Polizei |k Soziologie |k Spezielle Soziologien |k Rechtssoziologie |k Gericht, Richter, Rechtsprechung, Polizei |0 (DE-627)1271441527 |0 (DE-625)rvk/123769: |0 (DE-576)201441527 |
| 936 | r | v | |a PH 9160 |b Soziologie der Instanzen der Sozialkontrolle (hier: Untersuchungen über Polizei etc.) |k Rechtswissenschaft |k Strafrecht, Strafverfahrensrecht, Kriminologie |k Kriminologie |k Pönologie; Kriminalpädagogik; Sanktionenforschung |k Soziologie der Instanzen der Sozialkontrolle (hier: Untersuchungen über Polizei etc.) |0 (DE-627)1272124835 |0 (DE-625)rvk/136535: |0 (DE-576)202124835 |
| 936 | b | k | |a 71.31 |j Geschlechter und ihr Verhalten |0 (DE-627)106412655 |
| 936 | b | k | |a 88.17 |j Ordnungskräfte |0 (DE-627)10641383X |
| 936 | b | k | |a 85.64 |j Berufe |0 (DE-627)106420178 |
| 951 | |a BO | ||
| ELC | |b 1 | ||
| LOK | |0 000 xxxxxcx a22 zn 4500 | ||
| LOK | |0 001 3178638911 | ||
| LOK | |0 003 DE-627 | ||
| LOK | |0 004 227565835 | ||
| LOK | |0 005 20020607000000 | ||
| LOK | |0 008 980213||||||||||||||||ger||||||| | ||
| LOK | |0 040 |a DE-21-110 |c DE-627 |d DE-21-110 | ||
| LOK | |0 852 |a DE-21-110 | ||
| LOK | |0 852 1 |c J III 174 |m p |9 00 | ||
| LOK | |0 935 |a k110 | ||
| LOK | |0 936ln |a 4.5.1.4 | ||
| LOK | |0 938 |k p | ||
| LOK | |0 939 |a 13-02-98 |b l01 | ||
| ORI | |a SA-MARC-krimdoka001.raw | ||
| SIG | |a IFK: J III 174 | ||
